00724nam a2200253 a 4500001001300000003000900013005001700022008004100039020001000080082001700090100001900107245002600126260004200152300000800194500003500202505003400237650001300271650002200284700001900306902000800325942000700333952011700340999001300457nice12345678IN_TiNIC20260116011341.0050524s0000 dela grp 000 0 urd  ac10000a297.63bABD3 aAbdus Sattar,  aRasoolullah Ki Naaten aDelhibIdara-I-Adabiyat-I-Dillic0000 a96p aincludes index and biblioraphy2 ascn book club study project.3 aMuhammad aMuhammad, Prophet1 aAbdus Sattar,  bSRS cBK 001040708StackRoom-aHMIbHMId2007-07-05g100.00l0o297.63 ABD3p03655r2007-07-05v100.00w2005-05-24yBK c751d751